Regeneration boatspotting (Record no. 118111)

MARC details
000 -LEADER
fixed length control field 01186cam a2200229 4500
001 - CONTROL NUMBER
control field ABS68286
008 - FIXED-LENGTH DATA ELEMENTS--GENERAL INFORMATION
fixed length control field 041001n2004 000 0 eng u
035 ## - SYSTEM CONTROL NUMBER
System control number (Sirsi) u127608
100 ## - MAIN ENTRY--PERSONAL NAME
Personal name Spring, M.
245 ## - TITLE STATEMENT
Title Regeneration boatspotting
260 ## - PUBLICATION, DISTRIBUTION, ETC.
Date of publication, distribution, etc. 2004
490 ## - SERIES STATEMENT
Series statement Building
Volume/sequential designation 269(8347) 3 September 2004, 46-48(3)
520 ## - SUMMARY, ETC.
Summary, etc. Describes the revival of Edinburgh as it transforms itself into a vibrant city complete with a technology led economy and modern, well designed buildings. In particular, its waterfront is going through a regeneration, a full 10 mile stretch of former docks and heavy industry lining the Firth of Forth at a projected cost of over £1bn. Notes that Edinburgh is predicted to grow by 6.2% between 2000 and 2015 (which is an extra 48 500 people) and this is reflected in the waterfront developments which will include 15 000 new homes and 230 000m of office and business space, social facilities and schools. With a list of Edinburgh's development zones.
590 ## - LOCAL NOTE (RLIN)
Local note ABS
590 ## - LOCAL NOTE (RLIN)
Local note ABS
650 ## - SUBJECT ADDED ENTRY--TOPICAL TERM
Topical term or geographic name entry element EDINBURGH
650 ## - SUBJECT ADDED ENTRY--TOPICAL TERM
Topical term or geographic name entry element SCOTLAND
650 ## - SUBJECT ADDED ENTRY--TOPICAL TERM
Topical term or geographic name entry element RIVERSIDE
650 ## - SUBJECT ADDED ENTRY--TOPICAL TERM
Topical term or geographic name entry element RIVERSIDE DEVELOPMENT
690 ## - LOCAL SUBJECT ADDED ENTRY--TOPICAL TERM (OCLC, RLIN)
Topical term or geographic name as entry element REGENERATION
942 ## - ADDED ENTRY ELEMENTS (KOHA)
Suppress in OPAC 0
Holdings
Withdrawn status Lost status Source of classification or shelving scheme Damaged status Not for loan Home library Current library Shelving location Date acquired Total Checkouts Full call number Barcode Date last seen Copy number Price effective from Koha item type
    Dewey Decimal Classification     London London Journal article 07/10/2004   ABS68286 127608-1001 06/08/2019 1 06/08/2019 Journal article